000
00353cam a2200157 4500
008
090401t xxu||||| |||| 00| 0 eng d
020
_a
0117268569
035
_a
(Sirsi) u53884
041
_a
eng
245
_a
Painting walls Part I: Choice of paint
260
_b
HMSO
350
_a
0
490
_a
BRE Digest
_v
197
942
_n
0
948
_c
04/03/1997
999
_c
93353
_d
93353